| 000 | 00467nam a22001817a 4500 | ||
|---|---|---|---|
| 003 | CEME | ||
| 005 | 20210628202424.0 | ||
| 008 | 210122b xxu||||| |||| 00| 0 eng d | ||
| 020 | _a81-7888-117-9 | ||
| 040 | _c. | ||
| 082 | _a515 SIN | ||
| 100 |
_aSingh, U.P Srivastava , R .J Siddiqui , N .H _959839 |
||
| 245 | _aA textbook of calculus | ||
| 260 |
_aNEW DELHI _bDOMINANT PUBLISHER _c2003 |
||
| 300 | _aV,494 P | ||
| 650 |
_aCALCULUS _917627 |
||
| 942 |
_cBK _2ddc |
||
| 999 |
_c569724 _d569724 |
||